Programming Languages : Design & Implementation (Record no. 15564)

MARC details
000 -LEADER
fixed length control field 00420nam a2200157Ia 4500
008 - FIXED-LENGTH DATA ELEMENTS--GENERAL INFORMATION
fixed length control field 221030s9999 xx 000 0 und d
020 ## - INTERNATIONAL STANDARD BOOK NUMBER
ISBN 8120310381
041 ## - LANGUAGE CODE
Language code of text/sound track or separate title
100 ## - MAIN ENTRY--AUTHOR NAME
Personal name T. W. Pratt
245 #0 - TITLE STATEMENT
Title Programming Languages : Design & Implementation
Statement of responsibility, etc by T. W. Pratt, M. V. Zelkawitz
260 ## - PUBLICATION, DISTRIBUTION, ETC. (IMPRINT)
Name of publisher PHI
Place of publication New Delhi
Year of publication 2001
300 ## - PHYSICAL DESCRIPTION
Number of Pages 654
650 ## - SUBJECT ADDED ENTRY--TOPICAL TERM
Topical Term BB Computer
700 ## - ADDED ENTRY--PERSONAL NAME
Personal name M. V. Zelkawitz
942 ## - ADDED ENTRY ELEMENTS (KOHA)
Koha item type Books
Holdings
Accession Number Cost, normal purchase price Source of acquisition Price effective from Koha item type Withdrawn / writtenoff status Materials specified (bound volume or other part) Damaged status Not for loan Permanent Location Current Location Shelving location Date acquired Lost/ Missing status department
BB 718 250.00 Gifted by Mrs. Juhi Chib ( Ex-Student of CSE - 1999 ) 10/30/2022 Books   Print     MIET Library, Jammu MIET Library, Jammu BL-Academic Block B, FL-2, CUP-104, SH-1, R-1 10/12/2015   BB